000 00637nam a2200229Ia 4500
003 OSt
005 20220928140735.0
006 a|||||r|||| 00| 0
007 ta
008 220927b |||||||| |||| 00| 0 eng d
024 _a11487
037 _cTextual
040 _aSDCL
_cSDCL
_beng
041 _2eng
_aeng
082 _aB288, P0
100 _aWeber Donald C
_9497378
245 0 _aFirst course in the design of experiments.
_b A linear models approach.
260 _c2000
700 _a Skillings John H
_9497379
942 _hB288, P0
_cTEXL
_2CC
999 _c813917
_d813917